[Event "GRE-chT 40th"]
[Site "Achaia"]
[Date "2012.07.01"]
[Round "2.10"]
[White "Mendrinos, Nikolaos"]
[Black "Zubarev, Alexander2222"]
[Result "1/2-1/2"]
[WhiteElo "2221"]
[BlackElo "2600"]
[PlyCount "96"]
[EventDate "2012.06.30"]
[EventType "team-swiss"]
[EventRounds "7"]
[EventCountry "GRE"]
[SourceTitle "CBM 149 Extra"]
[Source "ChessBase"]
[SourceDate "2012.08.24"]
[SourceVersion "1"]
[SourceVersionDate "2012.08.24"]
[SourceQuality "1"]
[WhiteTeam "Glyfadas Zenon"]
[BlackTeam "Heraklion DAA"]
[WhiteTeamCountry "GRE"]
[BlackTeamCountry "GRE"]

1. e4 c5 2. Nc3 a6 3. g3 b5 4. Bg2 Bb7 5. d3 e6 6. f4 Be7 7. Qe2 Nc6 8. Be3 d6 9. Nf3 Nf6 10. h3 0-0 11. 0-0 d5 12. e5 Nd7 13. Bf2 Nb6 14. Rfc1 b4 15. Nd1 a5 16. c4 bxc3 17. bxc3 a4 18. Rab1 Ba6 19. Qc2 Qc7 20. Bf1 Rfb8 21. Nd2 a3 22. Ne3 Qd7 23. Rb3 c4 24. dxc4 d4 25. Nd1 dxc3 26. Qxc3 Na4 27. Qd3 Qc7 28. Ne4 Nb4 29. Qb1 Bb7 30. Bg2 Nc5 31. Nxc5 Bxc5 32. Bxc5 Qxc5+ 33. Kh2 Bxg2 34. Kxg2 Qc6+ 35. Kg1 Rb7 36. Nf2 Qc5 37. Qe4 Rab8 38. Rcb1 h6 39. Kg2 Rb6 40. Nd3 Nxd3 41. Qxd3 Rxb3 42. Rxb3 Rxb3 43. Qxb3 Qd4 44. Qxa3 Qxc4 45. Kf2 Qc2+ 46. Kf3 Qd1+ 47. Kf2 Qd2+ 48. Kf3 Qd1+ 1/2-1/2

[Event "Piraeus Memorial"]
[Site "Greece"]
[Date "1986.??.??"]
[Round "7"]
[White "Mendrinos, Nikolaos"]
[Black "Alexakis, Dimitrios"]
[Result "1/2-1/2"]
[WhiteElo "2230"]
[BlackElo "2295"]
[PlyCount "84"]
[EventDate "1986.??.??"]
[EventType "swiss"]
[EventRounds "9"]
[EventCountry "GRE"]
[SourceTitle "EXT 2002"]
[Source "ChessBase"]
[SourceDate "2001.11.25"]
[SourceVersion "1"]
[SourceVersionDate "2001.11.25"]
[SourceQuality "1"]

1. e4 c5 2. f4 Nc6 3. Nf3 g6 4. Bb5 Bg7 5. Bxc6 bxc6 6. d3 d6 7. 0-0 Nf6 8. Nc3 0-0 9. Qe2 Nd7 10. Rb1 a5 11. Na4 Nb6 12. Nxb6 Qxb6 13. Be3 Rb8 14. a4 Qc7 15. b3 Bg4 16. Qe1 f5 17. Ng5 Qd7 18. Qxa5 h6 19. Nf3 Bxf3 20. Rxf3 fxe4 21. dxe4 Rb4 22. Qa6 Rxe4 23. Qd3 Qe6 24. Kh1 Rb8 25. c4 Kh7 26. Bf2 Rf8 27. g3 Bd4 28. Rf1 d5 29. cxd5 cxd5 30. Bxd4 Rxd4 31. Qe3 Qd6 32. f5 Rxf5 33. Rxf5 gxf5 34. Rxf5 Re4 35. Qf2 Qe6 36. Qf3 Re1+ 37. Kg2 Re2+ 38. Kf1 Re5 39. Rxe5 Qxe5 40. Qf7+ Kh8 41. Qf8+ Kh7 42. Qf7+ Kh8 1/2-1/2

[Event "Piraeus Memorial"]
[Site "Greece"]
[Date "1986.??.??"]
[Round "5"]
[White "Mendrinos, Nikolaos"]
[Black "Sklavounos, Panayotis"]
[Result "0-1"]
[WhiteElo "2230"]
[BlackElo "2225"]
[PlyCount "64"]
[EventDate "1986.??.??"]
[EventType "swiss"]
[EventRounds "9"]
[EventCountry "GRE"]
[SourceTitle "EXT 2002"]
[Source "ChessBase"]
[SourceDate "2001.11.25"]
[SourceVersion "1"]
[SourceVersionDate "2001.11.25"]
[SourceQuality "1"]

1. e4 e6 2. b3 d5 3. Bb2 Nf6 4. e5 Nfd7 5. d4 c5 6. Nf3 cxd4 7. Bxd4 Nc6 8. c3 Qc7 9. Bb5 a6 10. Bxc6 Qxc6 11. 0-0 b5 12. Nbd2 Bb7 13. Qe2 Be7 14. a3 0-0 15. Qe3 Nc5 16. Bxc5 Qxc5 17. Qxc5 Bxc5 18. Nd4 Rfc8 19. Rfc1 Rc7 20. b4 Bb6 21. N2f3 Rac8 22. Ne2 Bc6 23. Nfd4 Bd7 24. g3 Rc4 25. Kg2 f6 26. f4 fxe5 27. fxe5 Bc7 28. Nb3 Re4 29. Re1 Bb6 30. Ned4 Rxe1 31. Rxe1 Rxc3 32. Kf2 Rxb3 0-1